000 00940nam a22002777a 4500
001 32302
003 UA-OsUOA
005 20260211113413.0
007 ta
008 20050131b un ||||| |||| 00| 0 ukr d
020 _a5319010710
040 _aUA-OsUOA
_bukr
_cUA-OsUOA
_dUA-OsUOA
041 _aukr
044 _aUA
080 _a94(477)04
090 _a94(477)04
_bМ58
245 _aМіж двох вогнів. Друга половина XVI – перша половина XVII ст.
_cупоряд. І. О. Ворончук
260 _aКиїв
_bУкраїна
_c1996
300 _a414 с.
490 _aІсторія України в прозових творах та документах
650 7 _2UDC
_a94 Історія загалом
_940
700 1 _aВорончук І. О.
_eупоряд.
_923180
942 _cBK
_2udc
955 _a3
999 _c318741
_d318741